000 00409cam a2200169ua 4500
041 _aeng
_h
082 _a823.301
_bPIN/ST
100 _aPinder, T H .
245 _aStolen car /
_cT H Pinder.
_hTextual Documents
250 _a1 /
_b.
260 _aLondon :
_bUniversity of London Press Ltd ,
_c1960.
300 _a31 ; .
504 _a
700 1 _aHann, E O .
942 _cBK
999 _c12699
_d12699